[Event "II UPI"]
[Site "Mancha Real ESP"]
[Date "2002.08.02"]
[Round "1"]
[White "Castillo Gallego,S"]
[Black "Garcia Martinez,S"]
[Result "0-1"]
[WhiteElo "2191"]
[BlackElo "2396"]

1.e4 c5 2.Nf3 d6 3.d4 cxd4 4.Nxd4 Nf6 5.Nc3 a6 6.f3 Nc6 7.Be3 d5 8.exd5 Nb4
9.Qd2 Nfxd5 10.Nxd5 Nxd5 11.O-O-O Nxe3 12.Qxe3 Qb6 13.Bc4 e6 14.Qg5 h6 15.Qg3 Qc5
16.Bxe6 Bxe6 17.Nxe6 fxe6 18.Qg6+ Ke7 19.Qe4 Qc6 20.Qb4+ Kf7 21.Qf4+ Kg8
22.Rd3 Be7 23.h4 Bf6 24.Rhd1 Rc8 25.c3 Kh7 26.Rd6 Qc4 27.Qd2 Rhd8 28.Qc2+ Kg8
29.Rd7 Rxd7 30.Rxd7 Bxh4  0-1

[Event "II UPI"]
[Site "Mancha Real ESP"]
[Date "2002.08.02"]
[Round "1"]
[White "Rodriguez Guerrero,E"]
[Black "Herrera,I"]
[Result "1-0"]
[WhiteElo "2324"]
[BlackElo "2478"]

1.e4 c5 2.Nf3 d6 3.d4 cxd4 4.Nxd4 Nf6 5.Nc3 a6 6.f3 e5 7.Nb3 Be6 8.Be3 Nbd7
9.g4 b5 10.g5 b4 11.Ne2 Nh5 12.Qd2 a5 13.Ng3 Nxg3 14.hxg3 a4 15.Nc1 Qa5 16.f4 exf4
17.gxf4 d5 18.f5 Ne5 19.Qf2 Ng4 20.Qf4 Nxe3 21.fxe6 Qa7 22.exf7+ Kd8 23.g6 Nxc2+
24.Kd2 b3 25.Nd3 h6 26.Rh5 Nb4 27.axb3 Qc7 28.Qxc7+ Kxc7 29.Rxa4 Rxa4 30.bxa4 dxe4
31.Nc5 Bxc5 32.Rxc5+ Kd6 33.Rc4 Nd5 34.Rxe4 Ne7 35.Bh3  1-0

[Event "FSGM August"]
[Site "Budapest HUN"]
[Date "2002.08.05"]
[Round "3"]
[White "Borisek,J"]
[Black "Vajda,L"]
[Result "0-1"]
[WhiteElo "2341"]
[BlackElo "2564"]

1.e4 c5 2.Nf3 d6 3.d4 cxd4 4.Nxd4 Nf6 5.Nc3 a6 6.f3 e5 7.Nb3 Be6 8.Be3 Nbd7
9.g4 Be7 10.Qd2 b5 11.g5 b4 12.Ne2 Nh5 13.O-O-O a5 14.Kb1 a4 15.Nbc1 b3 16.cxb3 axb3
17.a3 d5 18.Ng3 Nxg3 19.hxg3 d4 20.Bg1 Rc8 21.Bd3 Qb6 22.f4 Bg4 23.Rf1 Nc5
24.fxe5 Ne6 25.g6 fxg6 26.Ne2 Bg5 27.Nf4 O-O 28.Bh2 h5 29.Rc1 Kh7 30.Bc4 Bf3
31.Rhe1 Nxf4 32.gxf4 Bh4 33.Qd3 Bxe1 34.Rxe1 Qa5 35.Bg3 Rxf4 36.Bxb3 Bg2
37.Qxd4 Rf3 38.Re3 Rxg3  0-1

[Event "TUR-GEO Chess Summit"]
[Site "Ankara TUR"]
[Date "2002.08.07"]
[Round "4"]
[White "Erdogdu,M"]
[Black "Magalashvili,D"]
[Result "1-0"]
[WhiteElo "2321"]
[BlackElo "2178"]

1.e4 c5 2.Nf3 d6 3.d4 cxd4 4.Nxd4 Nf6 5.Nc3 a6 6.Be3 Ng4 7.Bc1 Nf6 8.f3 Qb6
9.g4 Nc6 10.Nb3 e6 11.Qe2 Qc7 12.Be3 b5 13.O-O-O Bb7 14.g5 Nd7 15.Qf2 Rc8
16.h4 Nce5 17.a3 Qd8 18.Bd4 Nc6 19.Be3 Nce5 20.h5 Rxc3 21.bxc3 d5 22.exd5 Bxa3+
23.Kb1 Bxd5 24.Rxd5 exd5 25.Qg2 O-O 26.f4 Nc4 27.Bd4 Nd6 28.Qxd5 Qa8 29.Qxa8 Rxa8
30.Ka2 b4 31.cxb4 Nb5 32.c3 Nf8 33.Bxb5 axb5 34.Na5 Bxb4 35.cxb4 Ne6 36.Be3 Rd8
37.f5 Nc7 38.Re1 Nd5 39.Bc5 h6 40.g6 Nf6 41.Re7 fxg6 42.hxg6 h5 43.Nc6 h4
44.Kb2 Re8 45.Re3  1-0

[Event "V Open"]
[Site "Banyoles ESP"]
[Date "2002.08.07"]
[Round "5"]
[White "Orriols Miro,C"]
[Black "Fluvia Frigola,J"]
[Result "0-1"]
[WhiteElo "2048"]
[BlackElo "2184"]

1.e4 c5 2.Nf3 d6 3.d4 cxd4 4.Nxd4 Nf6 5.Nc3 a6 6.f3 Qb6 7.Nb3 e6 8.Qe2 Nc6
9.Be3 Qc7 10.O-O-O b5 11.g4 Bb7 12.g5 Nd7 13.Kb1 Rc8 14.h4 Nce5 15.Qf2 b4
16.Na4 Nxf3 17.Bd3 Nfe5 18.Bb6 Qc6 19.Na5 Qxa4 20.Nxb7 Nxd3  0-1

[Event "6th HZ Open"]
[Site "Vlissingen NED"]
[Date "2002.08.07"]
[Round "5"]
[White "Nijboer,F"]
[Black "Vanderstricht,G"]
[Result "0-1"]
[WhiteElo "2567"]
[BlackElo "2404"]

1.e4 c5 2.Nf3 d6 3.d4 cxd4 4.Nxd4 Nf6 5.Nc3 a6 6.f3 Qb6 7.g4 Nc6 8.Nb3 e6
9.Qe2 Be7 10.Be3 Qc7 11.O-O-O b5 12.Qf2 Nd7 13.h4 Nce5 14.a3 Nc4 15.Bd4 O-O
16.g5 Rb8 17.f4 Bb7 18.Rg1 e5 19.Ba7 Ra8 20.f5 Nxa3 21.f6 Bd8 22.fxg7 Kxg7
23.Nd4 exd4 24.Bxd4+ Ne5 25.bxa3 Qa5 26.Nb1 b4 27.axb4 Qxb4 28.Rg3 Bc6 29.Rb3 Qa5
30.Qf4 Kg8 31.Bc3 Qc7 32.Rxd6 Qxd6 33.Bxe5 Qe6 34.Bh3 Qc4 35.Bf5 Ba4 36.Rc3 Qe2
37.g6 hxg6 38.Qh6 Qf1+ 39.Kb2 Qb5+ 40.Rb3 Qxe5+  0-1

[Event "Open"]
[Site "Davos SUI"]
[Date "2002.08.08"]
[Round "5"]
[White "Kurmann,O"]
[Black "Roschina,T"]
[Result "1-0"]
[WhiteElo "2214"]
[BlackElo "2283"]

1.e4 c5 2.Nc3 d6 3.Nge2 Nf6 4.d4 cxd4 5.Nxd4 a6 6.f3 e6 7.Be3 b5 8.Qd2 Nbd7
9.g4 h6 10.O-O-O Bb7 11.h4 b4 12.Na4 d5 13.Bh3 e5 14.g5 Qa5 15.b3 exd4 16.Bxd4 Nh5
17.Qh2 Nc5 18.Qe5+ Kd8 19.Bxc5 Bxc5 20.Rxd5+ Bxd5 21.Rd1 Be3+ 22.Kb1 f5 23.Bxf5 Nf4
24.Rxd5+ Qxd5 25.exd5 Bd2 26.g6  1-0

[Event "Juventus"]
[Site "Bucharest ROM"]
[Date "2002.08.09"]
[Round "5"]
[White "Chirila,C"]
[Black "Burnoiu,N1"]
[Result "0-1"]
[WhiteElo "2189"]
[BlackElo "2426"]

1.e4 c5 2.Nf3 d6 3.d4 cxd4 4.Nxd4 Nf6 5.Nc3 a6 6.f3 e6 7.Be3 Qc7 8.g4 b5
9.Qd2 Bb7 10.g5 Nfd7 11.O-O-O Nc6 12.h4 Rc8 13.h5 Nde5 14.Be2 Na5 15.Rhe1 Be7
16.f4 Nec4 17.Bxc4 Nxc4 18.Qd3 O-O 19.g6 Bf6 20.gxf7+ Qxf7 21.h6 Rfe8 22.Rg1 g6
23.Rde1 Kh8 24.Bf2 b4 25.Nd1 e5 26.fxe5 Nxe5 27.Qh3 Qxa2 28.b3 Nc6 29.Qd3 Qa1+  0-1

[Event "It"]
[Site "Sudak UKR"]
[Date "2002.08.09"]
[Round "10"]
[White "Firman,N"]
[Black "Areshchenko,A"]
[Result "0-1"]
[WhiteElo "2494"]
[BlackElo "2533"]

1.e4 c5 2.Nf3 d6 3.d4 cxd4 4.Nxd4 Nf6 5.Nc3 a6 6.f3 e5 7.Nb3 h5 8.Be3 Be6
9.Qd2 Nbd7 10.O-O-O Rc8 11.h3 h4 12.f4 b5 13.Bd3 Qc7 14.Kb1 Be7 15.fxe5 Nxe5
16.Nd4 Nc4 17.Qe1 Nxe3 18.Qxe3 Qc5 19.Nd5 Bxd5 20.exd5 Nxd5 21.Qe4 Kf8 22.Nb3 Qc6
23.Rhe1 Bf6 24.Bxb5 Nc3+ 25.bxc3 axb5 26.Qxc6 Rxc6 27.Rd5 Bxc3 28.Re4 Rh6
29.Rxb5 Re6 30.Rxe6 fxe6 31.a4 Rc4 32.a5 Ra4 33.Rb7 d5 34.Ra7 e5 35.Kc1 Rf4
36.Kb1 e4 37.Nc1 e3 38.Ne2 Rb4+ 39.Ka2 Rb2+ 40.Ka3 Rxc2 41.a6 Rxe2 42.Ra8+ Kf7
43.Rf8+ Kg6  0-1

[Event "FSGM August"]
[Site "Budapest HUN"]
[Date "2002.08.11"]
[Round "9"]
[White "Borisek,J"]
[Black "Flumbort,A"]
[Result "1-0"]
[WhiteElo "2341"]
[BlackElo "2437"]

1.e4 c5 2.Nf3 d6 3.d4 cxd4 4.Nxd4 Nf6 5.Nc3 a6 6.f3 e5 7.Nb3 Be6 8.Be3 Be7
9.Qd2 O-O 10.O-O-O Nbd7 11.g4 Qc7 12.h4 b5 13.Kb1 Nb6 14.Qf2 Rfb8 15.g5 Nh5
16.Bh3 b4 17.Nd5 Bxd5 18.exd5 a5 19.Bg4 a4 20.Nd2 Nf4 21.Bxf4 exf4 22.Ne4 Ra5
23.g6 Nxd5 24.gxf7+ Kh8 25.Ng5 b3 26.cxb3 axb3 27.Rc1 bxa2+ 28.Ka1 Qb7 29.Qc2 g6
30.Ne6 Ne3 31.Qc3+ Re5 32.h5 g5 33.h6 Nd5 34.Qd4 Ne3 35.Rh2 Qb3 36.Rc3 Qb5
37.Kxa2 Ra8+ 38.Ra3 Rb8 39.Bh3 Nc4 40.Bf1  1-0

[Event "15th Open"]
[Site "Kiel GER"]
[Date "2002.08.13"]
[Round "5"]
[White "Baramidze,D"]
[Black "Smetankin,S"]
[Result "0-1"]
[WhiteElo "2351"]
[BlackElo "2455"]

1.e4 c5 2.Nf3 d6 3.d4 cxd4 4.Nxd4 Nf6 5.Nc3 a6 6.f3 e6 7.Be3 b5 8.g4 Bb7
9.Qd2 Nfd7 10.O-O-O Nb6 11.Qf2 N8d7 12.Kb1 Rc8 13.Nce2 d5 14.exd5 Nxd5 15.Nf4 Nxe3
16.Qxe3 Bc5 17.Nh5 O-O 18.Qd2 Ne5 19.Bg2 Nc4 20.Qc3 Bxd4 21.Qxd4 Qxd4 22.Rxd4 Ne3  0-1

[Event "Open"]
[Site "Birstonas LIT"]
[Date "2002.08.20"]
[Round "4"]
[White "Chocenka,D"]
[Black "Tokmachev,M"]
[Result "1-0"]
[WhiteElo "2207"]
[BlackElo "2367"]

1.e4 c5 2.Nf3 d6 3.d4 cxd4 4.Nxd4 Nf6 5.Nc3 a6 6.f3 e6 7.Be3 Nc6 8.Qd2 Be7
9.g4 O-O 10.O-O-O Nxd4 11.Bxd4 b5 12.Kb1 b4 13.Na4 Rb8 14.e5 Nd5 15.Bc4 Bb7
16.exd6 Bxd6 17.Nc5 Bc6 18.Ne4 Bf4 19.Qf2 Qa5 20.g5 e5 21.Bc5 Rfd8 22.Rhg1 Kh8
23.Nd6 Rxd6 24.Bxd6 Be3 25.Rxd5 Qxd5 26.Bxd5 Bxf2 27.Bxb8  1-0

[Event "ADCF Masters"]
[Site "Abu Dhabi UAE"]
[Date "2002.08.21"]
[Round "9"]
[White "El Arousy,A"]
[Black "Guliev,L"]
[Result "1-0"]
[WhiteElo "2297"]
[BlackElo "2390"]

1.e4 c5 2.Nf3 d6 3.d4 cxd4 4.Nxd4 Nf6 5.Nc3 a6 6.f3 e5 7.Nb3 Be6 8.Be3 Nbd7
9.g4 b5 10.g5 Nh5 11.Qd2 Nb6 12.Nd5 Bxd5 13.exd5 Rc8 14.Na5 Qc7 15.Bh3 Ra8
16.b3 g6 17.O-O-O Bg7 18.Nc6 O-O 19.Qa5 Nxd5 20.Qxc7 Nxc7 21.Rxd6 b4 22.Rd7 Nb5
23.Nxb4 a5 24.Nd5 a4 25.Nb6 axb3 26.a4 Ra5 27.Rd5 b2+ 28.Kxb2 Nf4 29.Rxb5 Rxb5+
30.axb5 Nxh3 31.Kb3 f5 32.Nd7 Rd8 33.Rd1 f4 34.Bc5 Nxg5 35.b6 Ne6 36.Be7 Re8
37.b7 Kf7 38.Bd6 e4 39.b8=Q Rxb8+ 40.Bxb8 exf3 41.Ne5+  1-0

[Event "Open"]
[Site "Nikea GRE"]
[Date "2002.08.21"]
[Round "3"]
[White "Simeonidis,I"]
[Black "Sklavounos,P"]
[Result "1-0"]
[WhiteElo "2313"]
[BlackElo "2099"]

1.Nf3 c5 2.e4 d6 3.d4 cxd4 4.Nxd4 Nf6 5.Nc3 a6 6.f3 e5 7.Nb3 h6 8.Be3 Be6
9.Qd2 Be7 10.O-O-O Nbd7 11.Qf2 Rc8 12.Nd5 Nxd5 13.exd5 Bf5 14.Bd3 Bxd3 15.Rxd3 Bg5
16.Kb1 Bxe3 17.Qxe3 O-O 18.h4 Nc5 19.Nxc5 Rxc5 20.f4 Re8 21.g4 exf4 22.Qxf4 Re2
23.g5 h5 24.Rc1 Qe7 25.Rd4 b5 26.a4 Re5 27.axb5 axb5 28.Qf3 g6 29.c3 Rf5
30.Qd3 Re5 31.b4 Re3 32.bxc5 Rxd3 33.Rxd3 Qe4 34.Rd1 Kf8 35.Kb2 b4 36.c6 Ke8
37.Rd4 bxc3+ 38.Kxc3 Qe3+ 39.Kb2 Kd8 40.R1d3 Qf2+ 41.Kb3 Qe1 42.Rb4 Qb1+
43.Kc4 Qc2+ 44.Rc3 Qa2+ 45.Kb5 Kc7 46.Rbb3 Qe2+ 47.Rd3 Qc2 48.Rdc3 Qe2+ 49.Kb4 Qe4+
50.Ka3 Qxd5 51.Rb7+ Kc8 52.Re7 Qd4 53.Kb3 Qd1+ 54.Kb4 Qb1+ 55.Rb3 Qc2 56.c7 Qc5+
57.Ka4 Qa7+ 58.Kb5 Qc5+ 59.Ka6 Qc4+ 60.Rb5 Qa4+ 61.Kb6 Qd4+ 62.Ka5 Qc3+ 63.Rb4 Qa3+
64.Kb5 Qd3+ 65.Kb6  1-0

[Event "ch-RUS"]
[Site "Krasnodar RUS"]
[Date "2002.08.27"]
[Round "1"]
[White "Frolyanov,D"]
[Black "Smirnov,P"]
[Result "0-1"]
[WhiteElo "2448"]
[BlackElo "2539"]

1.e4 c5 2.Nf3 d6 3.d4 Nf6 4.Nc3 cxd4 5.Nxd4 a6 6.f3 e5 7.Nb3 Be6 8.Be3 Nbd7
9.Qd2 Be7 10.g4 O-O 11.O-O-O Qc7 12.Kb1 Rfc8 13.g5 Nh5 14.Nd5 Bxd5 15.exd5 Nb6
16.Na5 Nf4 17.Bxf4 exf4 18.Bh3 Re8 19.Qxf4 Bf8 20.Qd2 Re5 21.Qb4 Nxd5 22.Qd2 Rae8
23.Rc1 Be7 24.Rhg1 Ne3 25.Nb3 Bxg5 26.Qd4 Nd5 27.Qg4 g6 28.f4 Bxf4 29.Rcf1 Bxh2
30.Rh1 Ne3 31.Qf3 Qxc2+  0-1

[Event "XIV Open"]
[Site "Porto San Giorgio ITA"]
[Date "2002.08.27"]
[Round "8"]
[White "Cioara,A"]
[Black "Efimov,I"]
[Result "1-0"]
[WhiteElo "2414"]
[BlackElo "2463"]

1.e4 c5 2.Nf3 d6 3.d4 cxd4 4.Nxd4 Nf6 5.Nc3 a6 6.f3 e6 7.Be3 Nc6 8.Qd2 Be7
9.g4 O-O 10.O-O-O Nxd4 11.Bxd4 b5 12.g5 Nd7 13.h4 Qc7 14.Kb1 Bb7 15.g6 fxg6
16.h5 Ne5 17.Bxe5 dxe5 18.Qd7 Bd8 19.Qxe6+ Qf7 20.Bh3 Bc8 21.Qxf7+ Kxf7 22.hxg6+ hxg6
23.Bxc8 Rxc8 24.Rd7+ Kg8 25.Rh3 Rc6 26.Nd5 g5 27.c3 g4 28.Rg3 Rh6 29.Rxg4 g6
30.Kc2 Kh8 31.Rd6 Kh7 32.Rd7+ Kh8 33.Kb3 a5 34.a4 b4 35.Kc4 bxc3 36.bxc3 g5
37.Rg3 Rh1 38.Kb5 Rg8 39.c4 Rb1+ 40.Kc6 Rg6+ 41.Rd6 Kg7 42.c5 Rc1 43.Rxg6+ Kxg6
44.Kd7 Rxc5 45.Kxd8 Rc4 46.Nb6 Rb4  1-0

[Event "ch-RUS"]
[Site "Krasnodar RUS"]
[Date "2002.08.28"]
[Round "2"]
[White "Yemelin,V"]
[Black "Popov,Val"]
[Result "1-0"]
[WhiteElo "2534"]
[BlackElo "2579"]

1.e4 c5 2.Nf3 d6 3.d4 cxd4 4.Nxd4 Nf6 5.Nc3 a6 6.f3 Qb6 7.Nb3 e6 8.g4 Be7
9.Qe2 Nfd7 10.g5 Qc7 11.Be3 b5 12.Qf2 Bb7 13.O-O-O b4 14.Ne2 O-O 15.h4 a5
16.Ned4 a4 17.Nb5 Qd8 18.N3d4 d5 19.Kb1 Ra5 20.exd5 Bxd5 21.c4 bxc3 22.Nxc3 Ba8
23.Bb5 Bb4 24.Nde2 Bc6 25.Bxc6 Nxc6 26.h5 Qe7 27.Ne4 Nde5 28.h6 g6 29.Nd4 Qb7
30.Nxc6 Nxc6 31.Bd2 e5 32.Be3 Be7 33.Bd2 Rb5 34.Bc3 Rb8 35.Rd2 Bb4 36.Rhd1 Bxc3
37.Nxc3 Rb4 38.Nd5 Rb5 39.Nc3 Rb4 40.Nd5 Rb5 41.Ka1 Kh8 42.Nc3 Rb4 43.Nd5 Rc4
44.Qe2 Qb5 45.Nc3 Qb4 46.a3 Qc5 47.Rd5 Qb6  1-0

[Event "ch-RUS"]
[Site "Krasnodar RUS"]
[Date "2002.09.02"]
[Round "7"]
[White "Shomoev,A"]
[Black "Beshukov,S"]
[Result "1/2-1/2"]
[WhiteElo "2533"]
[BlackElo "2475"]

1.e4 c5 2.Nf3 d6 3.d4 cxd4 4.Nxd4 Nf6 5.Nc3 a6 6.f3 e5 7.Nb3 Be6 8.Be3 Be7
9.Qd2 O-O 10.O-O-O Qc7 11.g4 Rc8 12.Qf2 Nbd7 13.Kb1 b5 14.g5 Nh5 15.h4 b4
16.Nd5 Bxd5 17.Rxd5 a5 18.Bh3 a4 19.Nc1 Nf4 20.Bxf4 exf4 21.Nd3 Nb6 22.Bxc8 Nxd5
23.exd5 Rxc8 24.Nxb4 a3 25.Nc6 axb2 26.Qa7 Qxa7 27.Nxa7 Rc3 28.Rf1 f6 29.Nc6 Kf7
30.Kxb2 Re3 31.a4 fxg5 32.hxg5 Bxg5 33.a5 Bf6+ 34.Ka2 Re8 35.a6 Ra8 36.a7 g5
37.Rb1 h5 38.Kb3 g4 39.fxg4 hxg4 40.Kc4 g3 41.Kd3 Re8 42.Rb7+ Kg6 43.Ne7+ Kh5
44.Rb8 g2 45.a8=Q g1=Q 46.Rxe8 Qf1+ 47.Kd2 Qf2+ 48.Kd1 Qg1+ 49.Kd2 Qe3+ 50.Kd1 Qf3+
51.Kc1 Qf1+ 52.Kd2 Qf2+ 53.Kd1 Qf3+ 54.Kc1  1/2-1/2

[Event "Imre Konig Mem"]
[Site "San Francisco USA"]
[Date "2002.09.09"]
[Round "5"]
[White "Atalik,S"]
[Black "Wojtkiewicz,A"]
[Result "1-0"]
[WhiteElo "2551"]
[BlackElo "2555"]

1.e4 c5 2.Nf3 d6 3.d4 cxd4 4.Nxd4 Nf6 5.Nc3 a6 6.f3 e6 7.Be3 b5 8.g4 Nfd7
9.Qd2 Nb6 10.O-O-O N8d7 11.Ncxb5 axb5 12.Nxb5 Ba6 13.Nxd6+ Bxd6 14.Qxd6 Nc4
15.Bxc4 Bxc4 16.a3 e5 17.Rd2 Be6 18.Rhd1 g5 19.Qc6 Rc8 20.Qb5 Rg8 21.Rd3 Rg6
22.a4 Qc7 23.Rc3 Bc4 24.Rxc4 Qxc4 25.Qxd7+ Kf8 26.c3 Rgc6 27.Bxg5 Qxa4 28.Bh6+  1-0

[Event "7th WUCC Women"]
[Site "Ulaanbaatar MON"]
[Date "2002.09.11"]
[Round "1"]
[White "Otgonjargal,S"]
[Black "Ding Linlin"]
[Result "1/2-1/2"]
[WhiteElo "2094"]
[BlackElo "2294"]

1.e4 c5 2.Nf3 d6 3.d4 cxd4 4.Nxd4 Nf6 5.Nc3 a6 6.f3 Qb6 7.Nb3 e6 8.g4 Be7
9.Qe2 Nfd7 10.Be3 Bh4+ 11.Kd2 Qd8 12.Rd1 Bf6 13.Kc1 Bxc3 14.bxc3 Qc7 15.Qd2 O-O
16.g5 Nc5 17.Qxd6 Nxb3+ 18.axb3 Qxc3 19.Bd4 Qa5 20.Bb6 Qxg5+ 21.Kb1 Nd7 22.Bd4 e5
23.Rg1 Qh5 24.Bb2 Re8 25.Bc4 Rb8 26.f4 b5 27.Bxe5 Nxe5 28.Qxb8 Nd7 29.Qc7 bxc4
30.Rxd7 Bxd7 31.Qxd7 Qb5 32.Qxb5 axb5 33.e5 cxb3 34.cxb3 Kf8 35.Kb2 b4 36.Rd1 g5
37.Rd4 gxf4 38.Rxb4 Rxe5 39.Rxf4 Re2+ 40.Kc3 Rxh2 41.b4 Ke8 42.b5 Kd8 43.Rxf7 Kc8
44.Kd4 Rh5 45.Kc4 Kb8 46.Kb4 Rh4+ 47.Ka5 Rh6 48.Rg7 Ka8 49.Rg8+ Kb7 50.Rg7+ Kb8
51.Kb4 Rh4+ 52.Kc5 Rh5+ 53.Kb6 Rh6+ 54.Ka5 Ka8 55.Kb4 Kb8 56.Kc5  1/2-1/2

[Event "7th WUCC Men"]
[Site "Ulaanbaatar MON"]
[Date "2002.09.14"]
[Round "4"]
[White "Shomoev,A"]
[Black "Zhang Zhong"]
[Result "0-1"]
[WhiteElo "2533"]
[BlackElo "2637"]

1.e4 c5 2.Nf3 d6 3.d4 cxd4 4.Nxd4 Nf6 5.Nc3 a6 6.f3 e5 7.Nb3 Be6 8.Be3 h5
9.Qd2 Nbd7 10.Be2 Rc8 11.O-O Be7 12.Rfd1 O-O 13.a4 Qc7 14.a5 Rfd8 15.Nc1 d5
16.exd5 Nf8 17.Bd3 Nxd5 18.Nxd5 Bxd5 19.Qf2 Ne6 20.Ne2 Nc5 21.Bf5 Be6 22.Rxd8+ Rxd8
23.Bxe6 Nxe6 24.Ng3 g6 25.Ne4 Rd5 26.Bb6 Qd7 27.c4 Rd1+ 28.Rxd1 Qxd1+ 29.Qf1 Qc2
30.g3 Qxb2 31.Qd3 Nd4 32.f4 Ne2+ 33.Kf1 Nc1 34.Qd2 Qxd2 35.Nxd2 exf4 36.gxf4 Bb4
37.Ne4 Nb3 38.c5 Nd2+ 39.Nxd2 Bxd2 40.Bc7 Bb4 41.Bb6 Kf8 42.Ke2 Ke7 43.Kd3 Kd7
44.Kd4 Kc6 45.f5 gxf5 46.Ke5 Bxc5  0-1

[Event "7th WUCC Men"]
[Site "Ulaanbaatar MON"]
[Date "2002.09.19"]
[Round "8"]
[White "Shomoev,A"]
[Black "Soltanici,R"]
[Result "1-0"]
[WhiteElo "2533"]
[BlackElo "2426"]

1.e4 c5 2.Nf3 d6 3.d4 cxd4 4.Nxd4 Nf6 5.Nc3 a6 6.f3 e6 7.Be3 b5 8.g4 h6 9.Qd2 Bb7
10.O-O-O Nbd7 11.h4 b4 12.Na4 Qa5 13.b3 Nc5 14.a3 Nxa4 15.axb4 Qc7 16.bxa4 d5
17.e5 Nd7 18.f4 Nb6 19.Rh3 Rc8 20.Bf2 Nxa4 21.Be1 h5 22.Ra3 Nb6 23.f5 hxg4
24.fxe6 Rh6 25.exf7+ Kxf7 26.Bg3 Kg8 27.e6 Qd8 28.Re3 Rf6 29.Be5 Nc4 30.Bxc4 Rxc4
31.Qe2 Rh6 32.e7 Qxe7 33.Nf5 Qe6 34.Nxh6+ Qxh6 35.Rd4 Bxb4 36.Rxc4 dxc4 37.Qxc4+ Kh7
38.Bf4 Qb6 39.Qd3+ Kg8 40.Re8+  1-0

[Event "ECC"]
[Site "Halkidiki GRE"]
[Date "2002.09.22"]
[Round "1"]
[White "Karjakin,Sergey"]
[Black "Barbier,W"]
[Result "1-0"]
[WhiteElo "2523"]
[BlackElo "2188"]

1.e4 c5 2.Nf3 d6 3.d4 cxd4 4.Nxd4 Nf6 5.Nc3 a6 6.f3 e5 7.Nb3 Be6 8.Be3 Be7
9.Qd2 Nbd7 10.g4 b5 11.a4 b4 12.Nd5 Bxd5 13.exd5 Nb6 14.Bxb6 Qxb6 15.a5 Qb7
16.Bc4 O-O 17.Ra4 Rab8 18.h3 Rfc8 19.Qd3 Rxc4 20.Qxc4 Nxd5 21.Nd2 Bh4+ 22.Ke2 Rc8
23.Qb3 Qb5+ 24.Kd1 Ne3+ 25.Kc1 Nxc2 26.Kb1 Nd4 27.Qxb4 Qd3+ 28.Ka2 Nb5 29.Nb1 d5
30.Qd2 Qxd2 31.Nxd2 Bg5 32.Nb1 g6 33.Rd1 d4 34.Na3 Nxa3 35.Rxa3 Rc5 36.b4 Rb5
37.Kb3 Be7 38.Ra4 f5 39.gxf5 gxf5 40.f4 e4 41.Rxd4 Kf7 42.Ra2  1-0

[Event "ECC"]
[Site "Halkidiki GRE"]
[Date "2002.09.23"]
[Round "2"]
[White "Svidler,P"]
[Black "Ilincic,Z"]
[Result "1/2-1/2"]
[WhiteElo "2690"]
[BlackElo "2532"]

1.e4 c5 2.Nf3 d6 3.d4 cxd4 4.Nxd4 Nf6 5.Nc3 a6 6.f3 e6 7.Be3 b5 8.g4 h6 9.Qd2 b4
10.Nce2 e5 11.Nb3 a5 12.Ng3 a4 13.Nc1 Qa5 14.Bc4 Be6 15.Bxe6 fxe6 16.Nd3 Nc6
17.O-O Be7 18.Qg2 g5 19.c3 bxc3 20.Rac1 Nb4 21.Nxb4 Qxb4 22.Rxc3 d5 23.Qc2 d4
24.Rc4 Qb5 25.Bd2 Kf7 26.Nh1 Nd7 27.Nf2 Nb6 28.Rc7 Rhc8 29.Rxc8 Rxc8 30.Qd3 Qxd3
31.Nxd3 Rc2 32.Rf2 Bd6 33.Ba5 Rxf2 34.Kxf2 Nc4 35.Be1 Kf6 36.Ke2 Kf7 37.Bf2 Kf6
38.Kd1 Kf7 39.Be1 Kf6 40.Bd2 Kf7 41.Bc1 Ke7 42.Kc2 Na5 43.Nf2 Nc6 44.Kd3 Nb4+
45.Kc4 Nxa2 46.Bd2 a3 47.Kb3 Nb4 48.bxa3 Na6 49.Nd3 Nc5+ 50.Nxc5 Bxc5 51.a4 Kd6
52.Ba5 Kd7 53.Kc4 Ba3 54.Bb6 Bd6 55.Kb5 Kc8 56.a5 Ba3 57.a6 Bc1 58.Kc4 Bf4
59.h3 Kb8  1/2-1/2

[Event "ECC"]
[Site "Halkidiki GRE"]
[Date "2002.09.28"]
[Round "7"]
[White "Alekseev,E"]
[Black "Popovic,Pe"]
[Result "1-0"]
[WhiteElo "2580"]
[BlackElo "2525"]

1.e4 c5 2.Nf3 d6 3.d4 cxd4 4.Nxd4 Nf6 5.Nc3 a6 6.f3 e6 7.Be3 b5 8.g4 h6 9.Qd2 b4
10.Nce2 e5 11.Nf5 d5 12.O-O-O Qa5 13.Kb1 Be6 14.Nc1 d4 15.Bf2 g6 16.Ng3 Qc7
17.h4 Nbd7 18.Bd3 Nc5 19.g5 hxg5 20.hxg5 Rxh1 21.Rxh1 Nfd7 22.f4 O-O-O 23.Nge2 Qb7
24.Re1 Nb6 25.b3 Nxe4 26.Bxe4 Qxe4 27.Nd3 Qg2 28.fxe5 Be7 29.Rg1 Qe4 30.Nef4 Bf5
31.Re1 Qc6 32.Ne2 Qg2 33.Rg1 Qe4 34.Ng3 Qf3 35.Nxf5 Qxf5 36.Qe2 Kb8 37.Rg4 Nd5
38.Bxd4 Rc8 39.Kb2 Nc3 40.Bxc3 bxc3+ 41.Kb1 Rh8 42.Rg1 Rh3 43.a4 Qf3 44.Qe1 Qc6
45.Qf2 Rf3 46.Qd4 Rf5 47.Nf4 Qb7 48.Nd5 Bxg5 49.Rh1 Bd8 50.Rh8 Qd7 51.Qb6+ Kc8
52.Qxa6+ Kb8 53.Nb4  1-0

[Event "CUPA TC IND"]
[Site "Ploiesti ROM"]
[Date "2002.10.01"]
[Round "10"]
[White "Miron,L"]
[Black "Mosnegutu,M"]
[Result "1/2-1/2"]
[WhiteElo "2082"]
[BlackElo "2238"]

1.e4 c5 2.Nf3 d6 3.d4 cxd4 4.Nxd4 Nf6 5.Nc3 a6 6.f3 e6 7.g4 Qa5 8.Be3 Be7
9.Qd2 b5 10.g5 Nfd7 11.h4 Bb7 12.h5 Nc6 13.Rg1 Nde5 14.Qf2 Qc7 15.O-O-O Nd8
16.Nb3 Nd7 17.Bd3 Nc6 18.f4 O-O-O 19.Kb1 g6 20.Nd4 Rhg8 21.Nb3 Rde8 22.Rd2 Nb4
23.Bxb5 axb5 24.Nxb5 Qc4 25.Na7+ Kb8 26.Rd4 Qxc2+ 27.Qxc2 Nxc2 28.Kxc2 Kxa7
29.Rxd6+ Kb8 30.Rxd7 Bxe4+ 31.Kd2 Rd8 32.Rxd8+ Rxd8+ 33.Ke2 gxh5 34.Nd2 Bc6
35.Rc1 Kb7 36.Nc4 Ra8 37.a3 h4 38.Ne5 Bd5 39.Kf2 f6 40.gxf6 Bxf6 41.Nd7 Bd8
42.Nc5+ Kb8 43.Nd7+  1/2-1/2

[Event "3rd Mitropa Cup Junior"]
[Site "Saint Vincent ITA"]
[Date "2002.10.01"]
[Round "5"]
[White "Kurmann,O"]
[Black "Paehtz,T"]
[Result "0-1"]
[WhiteElo "2214"]
[BlackElo "2455"]

1.e4 c5 2.Nc3 d6 3.Nge2 Nf6 4.d4 cxd4 5.Nxd4 a6 6.f3 e5 7.Nb3 Be6 8.Be3 Be7
9.Qd2 O-O 10.O-O-O Nbd7 11.g4 Qc7 12.Kb1 Rfc8 13.h4 b5 14.h5 b4 15.Nd5 Bxd5
16.exd5 a5 17.g5 a4 18.Na1 Ne8 19.Bh3 Rcb8 20.g6 Nf8 21.gxf7+ Kxf7 22.h6 g6
23.f4 Kg8 24.fxe5 dxe5 25.Rhf1 Ra6 26.Rf3 Rd6 27.Qh2 Rf6 28.Bg4 Rxf3 29.Bxf3 Bd6
30.Qf2 Nf6 31.Bg5 N8d7 32.Qe2 a3 33.Nb3 axb2 34.Nd4 Ra8 35.Nc6 Qb7 36.Bg4 Nxg4
37.Qxg4 Nc5 38.Nxb4 e4 39.Bd2 Re8 40.Qh3 e3 41.Bxe3 Ne4 42.Bd4 Qxb4 43.c3  0-1

[Event "ch-ESP Open"]
[Site "Ayamonte ESP"]
[Date "2002.10.05"]
[Round "2"]
[White "Garcia Garcia,R"]
[Black "Pablo Marin,A"]
[Result "1-0"]
[WhiteElo "2263"]
[BlackElo "2434"]

1.e4 c5 2.Nf3 d6 3.d4 cxd4 4.Nxd4 Nf6 5.Nc3 a6 6.f3 e5 7.Nb3 Be6 8.Be3 Be7
9.Qd2 O-O 10.O-O-O Qc7 11.g4 Rc8 12.Qf2 Nbd7 13.h4 b5 14.g5 Nh5 15.Bh3 b4
16.Nd5 Bxd5 17.Bxd7 Qxd7 18.Rxd5 a5 19.Kb1 a4 20.Nc1 b3 21.cxb3 axb3 22.a3 Qa4
23.Rhd1 Rc2 24.R1d2 Rc4 25.R2d3 Rc2 26.Rd2 Rc4 27.Qe1 g6 28.R2d3 f5 29.exf5 gxf5
30.Nxb3 Rb8 31.Ka2 Rc2 32.Rc3 Rh2 33.Ra5 Qd7 34.f4 Qe6 35.fxe5 dxe5 36.Ba7 Rb7
37.Rxe5 Qf7 38.Bd4 Bf8 39.Re6 Ng7 40.Re5 Bxa3  1-0

[Event "TCh-BEL 2002-3"]
[Site "Belgium BEL"]
[Date "2002.10.06"]
[Round "1"]
[White "Thirion,M"]
[Black "Van Mechelen,J"]
[Result "0-1"]
[WhiteElo "2187"]
[BlackElo "2305"]

1.e4 c5 2.Nf3 d6 3.d4 cxd4 4.Nxd4 Nf6 5.Nc3 a6 6.f3 e5 7.Nb3 Be7 8.Be3 Be6
9.Qd2 O-O 10.O-O-O a5 11.Kb1 a4 12.Nc1 a3 13.b3 Ra5 14.b4 Ra8 15.g4 Nc6 16.Nd5 Bxd5
17.exd5 Nd4 18.Bxd4 exd4 19.g5 Nxd5 20.Qxd4 Nc7 21.f4 Ne6 22.Qe4 Qc7 23.Bd3 g6
24.Ne2 d5 25.Qxd5 Bxb4 26.f5 Nc5 27.fxg6 hxg6 28.Qc4 Ra4 29.Nc3 Qe5 30.Nxa4 Nxa4
31.c3 Nxc3+ 32.Kc2 Nxd1 33.Qxb4 Nf2 34.Rg1 Rc8+  0-1

[Event "EuYCh G18"]
[Site "Peniscola ESP"]
[Date "2002.10.06"]
[Round "7"]
[White "Vega Gutierrez,B"]
[Black "Komiagina,M"]
[Result "0-1"]
[WhiteElo "2012"]
[BlackElo "2218"]

1.e4 c5 2.Nf3 d6 3.d4 cxd4 4.Nxd4 Nf6 5.Nc3 a6 6.f3 e6 7.Be3 b5 8.Qd2 Nbd7
9.g4 Nb6 10.Qf2 Nfd7 11.O-O-O Bb7 12.h4 Rc8 13.Kb1 b4 14.Nce2 Nc4 15.Bg5 Qb6
16.Rh2 d5 17.exd5 Bxd5 18.Nf4 Ba8 19.Bxc4 Rxc4 20.Qe1 h6 21.Nfxe6 fxe6 22.Nxe6 Re4
23.fxe4 Qxe6 24.Bc1 Be7 25.Qg3 O-O 26.g5 h5 27.Rf2 Rxf2 28.Qxf2 Bxe4 29.Qe3 Nc5
30.Bd2 Qc4 31.Rc1 b3 32.Qc3 bxc2+ 33.Ka1 Qxc3 34.Bxc3 Bd6 35.Bd2 Be5  0-1

[Event "ch-ESP Open"]
[Site "Ayamonte ESP"]
[Date "2002.10.07"]
[Round "4"]
[White "Ayas Fernandez,A"]
[Black "Larios Crespo,M"]
[Result "1-0"]
[WhiteElo "2290"]
[BlackElo "2133"]

1.e4 c5 2.Nf3 d6 3.d4 cxd4 4.Nxd4 Nf6 5.Nc3 a6 6.f3 e5 7.Nb3 Be6 8.Be3 Be7
9.Qd2 Nbd7 10.g4 Nb6 11.O-O-O Rc8 12.g5 Nfd7 13.h4 Qc7 14.Kb1 Nc4 15.Bxc4 Bxc4
16.h5 b5 17.g6 hxg6 18.hxg6 Rxh1 19.gxf7+ Bxf7 20.Rxh1 Nb6 21.Bxb6 Qxb6 22.Nd5 Bxd5
23.exd5 Rc4 24.Qg2 Kd7 25.Nd2 Rd4 26.Ne4 Qd8 27.Qxg7 Qf8 28.Qg4+ Kc7 29.c3 Rd3
30.Rh7 Kd8 31.Nxd6 Kc7 32.Nf5  1-0

[Event "EuYCh B16"]
[Site "Peniscola ESP"]
[Date "2002.10.08"]
[Round "9"]
[White "Kim,A"]
[Black "Esen,B"]
[Result "1/2-1/2"]
[WhiteElo "2407"]
[BlackElo "2189"]

1.e4 c5 2.Nf3 d6 3.d4 cxd4 4.Nxd4 Nf6 5.Nc3 a6 6.f3 e6 7.Be3 b5 8.g4 h6 9.Qd2 Bb7
10.O-O-O Nbd7 11.h4 b4 12.Na4 Qa5 13.b3 Nc5 14.a3 Nxa4 15.axb4 Qc7 16.bxa4 d5
17.e5 Nd7 18.f4 Nb6 19.Rh3 Nxa4 20.Bf2 Rc8 21.Be1 Nb6 22.f5 Nc4 23.Bxc4 Qxc4
24.fxe6 fxe6 25.Nxe6 Qxg4 26.Nf4 Rc4 27.Nxd5 Qxh3 28.e6 Qa3+ 29.Kb1 Bxd5
30.Qxd5  1/2-1/2